000 00479nam a2200169Ia 4500
999 _c36171
_d36171
003 OSt
005 20201215125306.0
008 190216s9999||||xx |||||||||||||| ||und||
040 _coclc
082 _a610
_bSEL/P
100 _aSelmon, A C
_97510
245 0 _aPuthiya Arogyavum Dheerghayussum /
_cA C Selmon
260 _bOriental Watchman Publishers,
_c1978.
_aPune:
300 _a454p
650 _aBiology
942 _cREF
_2ddc
_h610
_iSEL/P
_k610
_mSEL/P